| 000 | 00954cab a2200289 4500 | ||
|---|---|---|---|
| 001 | ABS56152 | ||
| 008 | 090401t1996 xxu||||| |||| 00| 0 eng d | ||
| 035 | _a(Sirsi) u21603 | ||
| 041 | _aeng | ||
| 100 | _aBrewer, G. | ||
| 245 | _aFormulating the cost of delay | ||
| 260 | _c1996 | ||
| 350 | _a0 | ||
| 490 |
_aContract Journal _v386(6100) 7 November 1996, 26(1) |
||
| 520 | _aLooks at the previous rulings considered by the judge in "St Modwen Developments Ltd v Bowmer and Kirkland" when reviewing an appeal against damages awarded for overheads and `lost` profit due to a project delay. | ||
| 650 | _aCONTRACT CLAIMS | ||
| 650 | _aDAMAGES | ||
| 650 | _aDELAY | ||
| 650 | _aFORMULAE APPROACH | ||
| 650 | _aHEAD OFFICE APPROACH | ||
| 650 | _aOVERHEADS | ||
| 650 | _aPROFIT | ||
| 650 | _aST MODWEN DEVELOPMENTS LTD V BOWMER AND KIRKLAND | ||
| 690 | _aBUILT ENVIRONMENT-BUILDING CONTRACT FORMS | ||
| 942 | _n0 | ||
| 948 | _c04/03/1997 | ||
| 999 |
_c14496 _d14496 |
||